00340nam a2200145Ia 4500008004100000020001500041041001200056082001600068100001300084245002900097260003100126300000800157650001500165700001400180221030s9999 xx 000 0 und d a8126109866 aEnglish a105.23bKum aN. Kumar 0aOrganizational Behaviour bAnmol PubaNew Delhic2001 a462 aManagement aR. Mittal